Psychológia pre gymnáziá a pedagogické školy

Bibliographic Details
Main Author: Štefanovič, Jozef, 1924-1995 (Author)
Format: Book
Language:Slovak
PhysicalDescription:350, [4] s. 8°
Published: Bratislava Slovenské pedagogické nakladateľstvo 1971
Subjects:

MARC

LEADER 00000nam a2200000 a 4500
001 vtls008337057
003 SK-MaSNL
005 20260301141901.0
008 190102s1971 xo 000 slo
015 |a SKSNBA1971/04-00867 
035 |a SK01SNK19710029274 
035 |a SKM000031737 
040 |a SNK  |b slo  |c SNK  |e AACR2 
041 1 |a slo 
044 |a xo  |c SK 
080 |a 159.9(075.3)  |2 1981 
100 1 |a Štefanovič, Jozef,  |d 1924-1995  |4 aut  |9 213034 
245 1 0 |a Psychológia pre gymnáziá a pedagogické školy  |c Jozef Štefanovič 
260 |a Bratislava  |b Slovenské pedagogické nakladateľstvo  |c 1971  |e Bratislava  |f Svornosť 
300 |a 350, [4] s.  |c 8° 
500 |a Ilustr. Tb. Fot. Grafy. Diagramy 
563 |a 2500 výtl. 
650 0 7 |a psychológia  |x učebnice gymn.  |x učebnice pedag. škôl  |2 SNK  |9 496619 
655 7 |a učebnice  |2 SNKPH  |9 22521 
852 |a Slovenská národná knižnica v Martine  |b 10000  |h SC 27359 
852 |a Slovenská národná knižnica v Martine  |b 10000  |h SC 27359 D1 
919 |a viaz. 
958 |a OND 
958 |a TL 
958 |a RK 
958 |a UC 
999 |c 768539  |d 770469 
952 |a SNK  |b SNK  |y VYP  |7 0  |p 17A0952455  |o snkSC 27359 D1  |i snkKSP 3767/71  |0 0  |1 0  |4 0  |d 2013-06-03  |l 0  |r 2026-02-24 00:26:41  |w 2026-02-24